Statistiques concernant Médaille d'argent et de bronze aux Jeux Olympiques de 2016 (avec une carte)

Cliquez ici pour prendre le quiz!

Statistiques générales

  • Ce quiz a été pris 115 fois
  • Le résultat moyen est 74 sur 85

Réponses sur la Carte

Les réponses sont colorées sur une échelle allant du rouge au vert en fonction du pourcentage des utilisateurs qui les ont devinées à leur premier essai. Vous pouvez retrouver ces pourcentages ci-dessous.
 

Statistiques - réponses

argentbronzepays% Correct
goldAfrique du Sud
100%
goldAllemagne
100%
goldArgentine
100%
goldArménie
100%
goldAustralie
100%
goldAzerbaïdjan
100%
goldBahamas
100%
goldBahreïn
100%
goldBelgique
100%
goldBiélorussie
100%
goldBrésil
100%
goldCanada
100%
goldChine
100%
goldColombie
100%
goldCorée du Nord
100%
goldCorée du Sud
100%
goldCôte d'Ivoire
100%
goldCroatie
100%
goldCuba
100%
goldDanemark
100%
goldEspagne
100%
goldEtats-Unis
100%
goldÉthiopie
100%
goldFidji
100%
goldFrance
100%
goldGéorgie
100%
goldGrande Bretagne
100%
goldGrèce
100%
goldHongrie
100%
goldIndonésie
100%
goldIran
100%
goldItalie
100%
goldJamaïque
100%
goldJapon
100%
goldJordanie
100%
goldKazakhstan
100%
goldKenya
100%
goldKosovo
100%
goldNouvelle-Zélande
100%
goldOuzbékistan
100%
goldPays-Bas
100%
goldPologne
100%
goldRoumanie
100%
goldRussie
100%
goldSerbie
100%
goldSingapour
100%
goldSlovaquie
100%
goldSlovénie
100%
goldSuède
100%
goldSuisse
100%
goldTadjikistan
100%
goldTaïwan
100%
goldTchequie
100%
goldThaïlande
100%
goldTurquie
100%
goldUkraine
100%
goldViêt Nam
100%
32Mexique
91%
01Finlande
88%
11Inde
88%
01Portugal
87%
20Algérie
85%
20Irlande
85%
01Maroc
85%
04Norvège
85%
03Égypte
80%
01Estonie
79%
13Lituanie
79%
03Tunisie
79%
01Autriche
78%
11Mongolie
74%
12Bulgarie
67%
12Venezuela
63%
10Niger
57%
01Nigeria
56%
01Moldavie
51%
10Philippines
49%
41Malaisie
48%
10Qatar
38%
02Israël
31%
01Émirats arabes unis
29%
01République dominicaine
25%
01Trinité-et-
Tobago
15%
10Burundi
9%
10Grenade
7%

Distribution des résultats

Percentile par nombre de réponses

% des personnes avec chaque résultat

Votre développement - résultats

Vous n’avez pas pris ce quiz